[Event "Aragon-chT Preferente Gr II"]
[Site "Aragon"]
[Date "2022.02.26"]
[Round "5.64"]
[White "Obon Zuniga, Francisco"]
[Black "Canales Navarro, Carlos"]
[Result "0-1"]
[WhiteElo "1785"]
[BlackElo "1541"]
[PlyCount "164"]
[EventDate "2022.01.29"]
[EventType "team-tourn"]
[EventRounds "9"]
[EventCountry "ESP"]
[SourceTitle "EXT 2024"]
[Source "ChessBase"]
[SourceDate "2023.10.10"]
[SourceVersion "1"]
[SourceVersionDate "2023.10.10"]
[SourceQuality "1"]
[WhiteTeam "San Jose"]
[BlackTeam "Fraga"]
[WhiteTeamCountry "ESP"]
[BlackTeamCountry "ESP"]

1. d4 Nf6 2. c4 e6 3. Nf3 d5 4. Nc3 Bb4 5. cxd5 exd5 6. Bg5 c6 7. Qc2 a5 8. e3 h6 9. Bh4 Be7 10. Bd3 0-0 11. h3 Re8 12. 0-0 Nbd7 13. Bg3 Bf8 14. Rab1 Qe7 15. Bh4 Qd6 16. Bg3 Qe7 17. Nd2 b5 18. Rbe1 Bb7 19. f3 b4 20. Na4 Ba6 21. e4 Bxd3 22. Qxd3 Qd8 23. Bh4 Qc7 24. e5 Nh7 25. f4 c5 26. Bf2 c4 27. Qf3 Qc6 28. b3 c3 29. Nc4 f6 30. Ne3 fxe5 31. dxe5 Rac8 32. Qxd5+ Qxd5 33. Nxd5 Bc5 34. Rc1 Bxf2+ 35. Kxf2 Nc5 36. Nxc5 Rxc5 37. Ne3 Nf8 38. Rfd1 Ne6 39. g3 Kf7 40. Nf5 Rd8 41. Nd6+ Ke7 42. Ke3 g6 43. h4 h5 44. Ke4 Rd7 45. Rd5 Rdc7 46. Nc4 a4 47. Nb6 axb3 48. axb3 Rb7 49. Na4 Rc6 50. Rc2 Nc7 51. Rc5 Ra6 52. Rc4 Ne6 53. Nc5 Nxc5+ 54. Rxc5 Ra3 55. Rc6 Kf7 56. Kd5 Rxb3 57. Rf6+ Kg7 58. Ra6 Rb1 59. Kc6 Rb8 60. Ra7+ Kg8 61. e6 Re1 62. e7 Kf7 63. e8Q+ Kxe8 64. Rh7 Rd8 65. Rh8+ Ke7 66. Rh7+ Kf6 67. Rb7 Re4 68. Kb5 Rd3 69. Ka4 Rxg3 70. Rb6+ Kf5 71. Rf2 Rg4 72. Rb5+ Kf6 73. Rb6+ Kg7 74. Rb7+ Kh6 75. f5 Ref4 76. Re2 Rxf5 77. Re8 Rxh4 78. Rg8 Rf6 79. Rh8+ Kg5 80. Rc8 Rhf4 81. Rc5+ Kg4 82. Rcb5 h4 0-1